| 000 | 00414nam a22001697a 4500 | ||
|---|---|---|---|
| 003 | MPLRDC | ||
| 005 | 20220104144225.0 | ||
| 008 | 210129b ||||| |||| 00| 0 eng d | ||
| 082 | _a528.975 RMTY-3 | ||
| 100 | _a人民体育出版社编 | ||
| 245 |
_a乙组剑术图解 _c |
||
| 250 | _a初版 | ||
| 260 |
_a _b人民体育出版社 _c1977 |
||
| 300 | _b平 | ||
| 650 | _a剑术 | ||
| 942 |
_cBK _o528.975 RMTY-3 |
||
| 999 |
_c47586 _d47576 |
||